000 00913nam a22003017a 4500
003 CHAP
005 20220329143545.0
008 100616s1994 us r 00010 eng d
010 _a98510
011 _a99482
020 _a04120409015
035 _a110168
040 _cCHAP
082 0 4 _a519.5
_bB45
100 1 _aBeran, Jan
_911720
245 1 0 _aStatistics for long-memory processes
_c/by Jan Beran
260 _aNew York :
_bChapman & Hall
_c1994
300 _ax, 315 p.
590 _aBATCH-UPD
_b10
_c20130110
_lUCH01
_h1554
590 _aBATCH-UPD
_b10
_c20130410
_lUCH01
_h0952
590 _aBATCH-UPD
_b10
_c20130914
_lUCH01
_h0606
590 _aCONVERSION
_b10
_c20130109
_lUCH01
_h1354
650 1 4 _aEstadística matemática.
_938261
650 1 4 _aEstocástica.
_938336
901 _aBK
942 _cLIBRO
949 _a519.5 B45
_bBC
_cLIBRO
_d33724002176306
_eLIBRO
_gI.249750
_h112809
_i110168
_sb
_t$1757.42
999 _c98510
_d98510